Hydrology and water resource engineering / (Record no. 78119)

MARC details
000 -LEADER
fixed length control field 00607nam a22001817a 4500
005 - DATE AND TIME OF LATEST TRANSACTION
control field 20130726172718.0
008 - FIXED-LENGTH DATA ELEMENTS--GENERAL INFORMATION
fixed length control field 130726b xxu||||| |||| 00| 0 eng d
020 ## - INTERNATIONAL STANDARD BOOK NUMBER
International Standard Book Number 8174090614
Terms of availability 315.00
035 ## - SYSTEM CONTROL NUMBER
System control number Meeting 24.7.13
040 ## - CATALOGING SOURCE
Original cataloging agency DPL
100 ## - MAIN ENTRY--PERSONAL NAME
Personal name Garg, Santosh Kumar
245 ## - TITLE STATEMENT
Title Hydrology and water resource engineering /
Statement of responsibility, etc by Santosh Kumar Garg
260 ## - PUBLICATION, DISTRIBUTION, ETC. (IMPRINT)
Place of publication, distribution, etc New Delhi
Name of publisher, distributor, etc Khanna Publishers
Date of publication, distribution, etc 2013
270 ## - ADDRESS
Address 4575/15, Onkar House, Opp.Happy School, Daryaganj
City New Delhi
Postal code 110002
300 ## - PHYSICAL DESCRIPTION
Extent xxiii,862p.
Dimensions 22cm(pbk)
500 ## - GENERAL NOTE
General note Includes bibliographical reference and index
942 ## - ADDED ENTRY ELEMENTS (KOHA)
Source of classification or shelving scheme Dewey Decimal Classification
Item type English Books
Call number suffix GAR

No items available.


© Delhi Public Library
Hit Counter
free hit counter